[Event "Tourn. n10215"]
[Site "www.echecsemail.com"]
[Date "2019.10.20"]
[Round "1"]
[White "Iko"]
[Black "Andychesston"]
[WhiteElo "1830"]
[BlackElo "1920"]
[Result "0-1"]
[Round "1"]
1.e4 e5
2.Ng1f3 Nb8c6
3.Bf1b5 d6
4.Bb5xc6 bxc6
5.O-O Bc8b7
6.Rf1e1 Bf8e7
7.Re1e3 Ng8f6
8.Re3b3 Ra8b8
9.d4 Nf6xe4
10.Bc1e3 Be7f6
11.g4 h6
12.dxe5 Bf6g5
13.Be3xa7 Bg5h4
14.Nf3xh4 Qd8xh4
15.Qd1f3 Ne4g5
16.Qf3g3 Qh4xg3
17.Rb3xg3 Rb8a8
18.Rg3a3 c5
19.exd6 cxd6
20.Nb1c3 O-O
21.Nc3b5 Ng5f3
22.Ra3xf3 Bb7xf3
23.Ra1d1 Bf3xd1
24.Nb5xd6 Ra8xa7
25.Nd6b5 Ra7e7
26.c4 Bd1xg4
27.Nb5d6 Rf8d8
28.Nd6b5 Bg4h3
29.Nb5c3 Re7e1

0-1

[Event "Match"]
[Site "www.echecsemail.com"]
[Date "2019.10.20"]
[Round "1"]
[White "Roko123"]
[Black "Cal"]
[WhiteElo "1499"]
[BlackElo "1850"]
[Result "0-1"]
[Round "1"]
1.d4 d5
2.c4 dxc4
3.e3 e6
4.Bf1xc4 c6
5.Nb1c3 h6
6.Ng1f3 Ng8f6
7.e4 Bf8b4
8.e5 Nf6h7
9.O-O a6
10.Qd1d2 O-O
11.Qd2f4 Bb4xc3
12.bxc3 b5
13.Bc4d3 Qd8e7
14.Qf4g4 f5
15.Qg4g3 Bc8d7
16.Bc1xh6 Rf8f7
17.Bh6g5 Nh7xg5
18.Nf3xg5 Rf7f8
19.Qg3h4 g6
20.g4 Rf8f7
21.f4 Rf7g7
 { time }
0-1

[Event "Match"]
[Site "www.echecsemail.com"]
[Date "2019.10.20"]
[Round "1"]
[White "Micheles"]
[Black "Nevaeh"]
[WhiteElo "2600"]
[BlackElo "2830"]
[Result "1-0"]
[Round "1"]
1.d4 Ng8f6
2.Ng1f3 d5
3.Bc1g5 Nf6e4
4.Bg5h4 c5
5.dxc5 Nb8c6
6.e3 g6
7.Nb1d2 Ne4xc5
8.Nd2b3 Nc5e4
9.c3 Bf8g7
10.Bf1d3 O-O
11.Bd3xe4 dxe4
12.Qd1xd8 Rf8xd8
13.Nf3d4 f6
14.Nd4xc6 bxc6
15.O-O e5
16.f4 exf3
17.Rf1xf3 g5
18.Bh4e1 a5
19.a4  { time }
1-0

[Event "Tourn. n10210"]
[Site "www.echecsemail.com"]
[Date "2019.10.20"]
[Round "1"]
[White "Apdash"]
[Black "Bigrezi"]
[WhiteElo "2200"]
[BlackElo "2260"]
[Result "1-0"]
[Round "1"]
1.e4 e6
2.d4 Ng8f6
3.e5 Nf6d5
4.c4 Nd5b6
5.a3 d6
6.exd6 Bf8xd6
7.c5 Nb8c6
8.cxd6 cxd6
9.Ng1f3 O-O
10.Bf1e2 e5
11.dxe5 dxe5
12.Qd1c2 Rf8e8
13.O-O e4
14.Nf3g5 Nc6d4
15.Qc2d1 h6
16.Ng5h3 Bc8xh3
17.gxh3 Qd8f6
18.Kh1 Ra8d8
19.Bc1d2 Qf6c6
20.Bd2e3 Nd4f3
21.Nb1d2 Nf3xd2
22.Be3xd2 e3
23.Be2f3 Qc6e6
24.fxe3 Nb6c4
25.Rf1f2 Nc4xe3
26.Qd1c1 Rd8c8
27.Qc1g1 Qe6b3
28.Bd2c3 g6
29.Rf2e2 Ne3d5
30.Re2xe8 Rc8xe8
31.Bf3xd5 Qb3xd5
32.Qg1g2 Re8e4
33.Ra1e1 Re4xe1
34.Bc3xe1 Qd5b3
35.h4 Qb3d1
36.Qg2f2 Qd1d5
37.Kg1 b6
38.h3 h5
39.Be1c3 f5
40.Qf2d4 Qd5xd4
41.Bc3xd4 Kf7
42.Kf2 Ke6
43.Kf3 Kd5
44.Bd4c3 a5
45.Kf4 a4
46.Kg5 Ke4
47.Kxg6 f4
48.Kxh5 Kd3
49.Kg4 Ke3
50.h5 { resign }
1-0

[Event "Match"]
[Site "www.echecsemail.com"]
[Date "2019.10.20"]
[Round "1"]
[White "Estonia"]
[Black "Apdash"]
[WhiteElo "1880"]
[BlackElo "2180"]
[Result "0-1"]
[Round "1"]
1.e4 e5
2.f4 d6
3.Ng1f3 Bc8g4
4.h3 Bg4xf3
5.Qd1xf3 Nb8c6
6.Bf1b5 Qd8d7
7.d3 a6
8.Bb5xc6 Qd7xc6
9.c4 Qc6c5
10.fxe5 dxe5
11.Bc1e3 Qc5b4
12.Kf2 Qb4xb2
13.Nb1d2 Qb2c2
14.Qf3e2 O-O-O
15.Rh1c1 Qc2xd3
16.Qe2xd3 Rd8xd3
17.Nd2f3 f6
18.Nf3e1 Rd3d8
19.a4 Ng8e7
20.a5 Ne7c6
21.Ne1c2 Nc6b4
22.Nc2xb4 Bf8xb4
23.c5 Bb4d2
24.Be3xd2 Rd8xd2
25.Kf1 Rh8d8
26.c6 Rd2b2
27.cxb7 Kxb7
28.Rc1b1 Rd8d2
29.Rb1xb2 Rd2xb2
30.Ra1c1 Rb2b4
31.Rc1a1 Rb4xe4
32.Kf2 c5
33.Ra1b1 Re4b4
34.Rb1d1 Kc7
35.Rd1c1 Kc6
36.Rc1a1 Kb5
37.Ke3 c4
38.Ra1d1 Rb4b3
39.Kf2 c3
40.Rd1d8 c2
41.Rd8b8 Ka4
42.Rb8c8 Rb3b2
43.Kf3 Kb3
44.g4 Ka2
45.Ke4 Kb1
{ resign }
0-1

[Event "Tourn. n10187"]
[Site "www.echecsemail.com"]
[Date "2019.10.21"]
[Round "1"]
[White "Apdash"]
[Black "Ff333"]
[WhiteElo "2150"]
[BlackElo "2060"]
[Result "0-1"]
[Round "1"]
1.e4 e5
2.Ng1f3 d6
3.Bf1c4 h6
4.d4 exd4
5.Nf3xd4 Ng8f6
6.Nb1c3 a6
7.a4 Bf8e7
8.O-O O-O
9.f3 c5
10.Nd4f5 Bc8xf5
11.exf5 Qd8d7
12.g4 Nf6h7
13.Nc3d5 Be7d8
14.Bc1f4 Nb8c6
15.Bf4g3 Nc6e5
16.Bg3xe5 dxe5
17.Qd1e2 Rf8e8
18.Kg2 Nh7f6
19.Rf1d1 Nf6xd5
20.Bc4xd5 Qd7c7
21.Qe2e4 Bd8h4
22.Rd1d3 Ra8b8
23.b3 b6
24.Kh3 Bh4g5
25.Ra1e1 Bg5f4
26.Bd5c6 Re8d8
27.Re1d1 Rd8d4
28.Rd3xd4 cxd4
29.Rd1d3 Rb8c8
30.c4 Qc7xc6
31.Qe4e2 Bf4e3
32.Kg3 Be3f4
33.Kg2 Qc6f6
34.Kh3 Qf6g5
35.Qe2e4 h5
36.Qe4b7 hxg4
37.fxg4 Qg5h6
38.Kg2 Qh6xh2
39.Kf1 Rc8f8
40.Qb7g2 Qh2h4
41.Rd3h3 Qh4e7
42.Qg2e4 Qe7a3
43.g5 Qa3c1
44.Kg2 Bf4xg5
45.f6 Qc1d2
46.Kh1 g6
47.Qe4xe5 Qd2c1
48.Kg2 d3
49.Qe5h2 Qc1d2
50.Kf3 Qd2d1
51.Kg3 Qd1e1
52.Kg4 Bg5xf6
53.Rh3xd3 Qe1e4
54.Qh2f4 Qe4xd3
55.b4 Kg7
56.c5 Rf8h8
57.Qf4g3 Qd3f5
{ resign }
0-1

[Event "Match"]
[Site "www.echecsemail.com"]
[Date "2019.10.21"]
[Round "1"]
[White "Apdash"]
[Black "Chapi"]
[WhiteElo "2160"]
[BlackElo "2060"]
[Result "1-0"]
[Round "1"]
1.e4 c5
2.d4 cxd4
3.Qd1xd4 Nb8c6
4.Qd4d1 g6
5.Ng1f3 Bf8g7
6.Bf1c4 Ng8f6
7.e5 Nf6g4
8.Bc4xf7 Kxf7
9.Nf3g5 Ke8
10.Qd1xg4 Nc6xe5
11.Qg4g3 d6
12.O-O Bc8f5
13.Nb1a3 Ra8c8
14.Qg3b3 Qd8d7
15.f4 h6
16.fxe5 hxg5
17.Bc1xg5 Bg7xe5
18.h4 Qd7c6
19.c3 Be5g3
20.Na3c2 Bg3xh4
21.Bg5xh4 Rh8xh4
22.Ra1e1 Kf8
23.Qb3e6 Rc8c7
24.Qe6xg6 e6
25.Re1xe6 { resign }
1-0

[Event "Tourn. n10222"]
[Site "www.echecsemail.com"]
[Date "2019.10.21"]
[Round "1"]
[White "Vasylpuzanov"]
[Black "Picifarkinca"]
[WhiteElo "1440"]
[BlackElo "1570"]
[Result "1-0"]
[Round "1"]
1.e4 c5
2.d4 cxd4
3.c3 e6
4.cxd4 Nb8c6
5.d5 exd5
6.exd5 Nc6b8
7.Qd1e2 Qd8e7
8.Bc1e3 d6
9.Nb1c3 a6
10.O-O-O Bc8f5
11.Rd1e1 Qe7d7
12.Be3d4 Qd7e7
13.Qe2d1 { resign }
1-0

[Event "Tourn. n10219"]
[Site "www.echecsemail.com"]
[Date "2019.10.21"]
[Round "1"]
[White "Sae80"]
[Black "Galiany17"]
[WhiteElo "2359"]
[BlackElo "2490"]
[Result "1-0"]
[Round "1"]
1.e4 e5
2.Ng1f3 Nb8c6
3.Bf1b5 a6
4.Bb5a4 Ng8f6
5.O-O Bf8e7
6.Rf1e1 b5
7.Ba4b3 O-O
8.h3 d6
9.c3 Nc6a5
10.Bb3c2 c5
11.d4 Qd8c7
12.Nb1d2 cxd4
13.cxd4 Na5c6
14.Nd2b3 a5
15.Bc1e3 a4
16.Nb3d2 Bc8d7
17.Ra1c1 Qc7b7
18.Qd1e2 Rf8c8
19.Bc2d3 Ra8b8
20.b3 Nc6b4
21.Bd3b1 Rc8xc1
22.Re1xc1 exd4
23.Be3xd4 Nb4c6
24.Bd4b2 Bd7e6
25.Nf3g5 Be6d7
26.Nd2f1 Rb8e8
27.Qe2d2 h6
28.Ng5f3 Be7d8
29.Nf1g3 Qb7b8
30.Nf3h4 Re8e6
31.Nh4f5 Nf6e8
32.Ng3h5 Re6g6
33.e5 a3
34.Bb2a1 Bd8a5
35.Qd2d1 Qb8d8
36.Nf5xd6 Ne8xd6
37.Bb1xg6 Qd8g5
38.e6 Bd7xe6
39.Rc1xc6 Ba5b4
40.Rc6xd6 Bb4xd6
41.Qd1xd6 Qg5xg6
42.Qd6d8 Kh7
43.Ba1xg7 Qg6xh5
44.Qd8h8 Kg6
45.Bg7e5 Qh5h4
46.Qh8g7 Kf5
47.Be5c3 h5
48.Qg7h7 { resign }
1-0

[Event "Tourn. n10139"]
[Site "www.echecsemail.com"]
[Date "2019.10.21"]
[Round "1"]
[White "Rcdamaceanu"]
[Black "Osopanda"]
[WhiteElo "1499"]
[BlackElo "1550"]
[Result "1-0"]
[Round "1"]
1.d4 d5
2.Ng1f3 e6
3.Bc1f4 Bf8d6
4.Bf4xd6 Qd8xd6
5.e3 b6
6.c4 c5
7.dxc5 Qd6xc5
8.cxd5 exd5
9.Bf1e2 Bc8a6
10.Be2xa6 Nb8xa6
11.Nf3d4 Ng8f6
12.O-O O-O
13.Nb1d2 Na6c7
14.Nd2b3 Qc5e7
15.Nd4c6 Qe7d6
16.Qd1c2 Nc7b5
17.Nc6d4 Nb5xd4
18.Nb3xd4 Ra8c8
19.Qc2d3 Nf6e4
20.Qd3a6 Rc8c7
21.Nd4b5 Qd6d7
22.Nb5xc7 Qd7xc7
23.Ra1d1 Rf8d8
24.Rd1c1 Qc7e7
25.Rc1c8 Ne4c5
26.Rc8xd8 Qe7xd8
27.Qa6xa7 g6
28.Qa7a3 Qd8f6
29.Qa3c3 Qf6g5
30.a3 f5
31.Rf1c1 Nc5e4
32.Qc3c6 f4
33.Qc6b7 Ne4d6
34.Qb7xb6 Nd6c4
35.Qb6e6 Kg7
36.Qe6d7 Kh6
37.b3 Nc4d2
38.exf4 Nd2f3
39.Kh1 Qg5xf4
40.Qd7h3 Qf4h4
41.Qh3xh4 Nf3xh4
42.Kg1 { resign }
1-0

[Event "Match"]
[Site "www.echecsemail.com"]
[Date "2019.10.21"]
[Round "1"]
[White "Bojan"]
[Black "Ssharp"]
[WhiteElo "2020"]
[BlackElo "2340"]
[Result "1-0"]
[Round "1"]
1.e4 g6
2.c3 Bf8g7
3.d4 d6
4.Bc1f4 e5
5.dxe5 dxe5
6.Qd1xd8 Kxd8
7.Bf4e3 Bc8e6
8.Nb1d2  { time }
1-0

[Event "Match"]
[Site "www.echecsemail.com"]
[Date "2019.10.21"]
[Round "1"]
[White "Dvdheever"]
[Black "Javas"]
[WhiteElo "1649"]
[BlackElo "1699"]
[Result "0-1"]
[Round "1"]
1.e4 e5
2.Ng1f3 f5
3.exf5 e4
4.Nf3d4 Qd8f6
5.Qd1e2 Qf6xd4
6.g3 d5
7.Bf1g2 Ng8f6
8.O-O Bf8e7
9.c3 Qd4d3
10.Qe2e1 Be7c5
11.a4 a5
12.Bg2h3 h5
13.b3 h4
14.g4 Qd3xh3
15.Bc1b2 Nf6xg4
16.Bb2a3 Qh3xh2

0-1

[Event "1/32 Finale"]
[Site "www.chess-mail.com"]
[Date "2019.10.21"]
[Round "1"]
[White "Gvladutz"]
[Black "Virgil08bv"]
[WhiteElo "2480"]
[BlackElo "2670"]
[Result "0-1"]
[Round "1"]
1.e4 d6
2.d4 Ng8f6
3.Nb1c3 g6
4.Ng1f3 Bf8g7
5.Bf1e2 O-O
6.O-O c6
7.Rf1e1 Qd8c7
8.Bc1f4 Nf6h5
9.Bf4g5 e5
10.Qd1d2 Rf8e8
11.d5 c5
12.Nc3b5 Qc7d7
13.a4 Nh5f6
14.Qd2e3 a6
15.Nb5a3 Qd7c7
16.Nf3d2 Nb8d7
17.Bg5h6 b6
18.c3 Bc8b7
19.Ra1d1 Kh8
20.Na3c2 Bg7xh6
21.Qe3xh6 Nf6g8
22.Qh6h3 f5
23.exf5 gxf5
24.c4 f4
25.Be2g4 Nd7f6
26.Bg4e6 Bb7c8
27.Nc2a3 Qc7g7
28.Na3b1 Bc8xe6
29.dxe6 Qg7h6
30.Qh3d3 Re8xe6
31.Nb1c3 Ng8e7
32.Nd2e4 Nf6xe4
33.Nc3xe4 Ra8f8
34.Ne4xd6 Ne7c6
35.Nd6e4 Nc6d4
36.Kh1 f3
37.Qd3f1 Qh6h5
38.Ne4g3 Qh5g4
39.Rd1d3 Re6f6
40.h3 Qg4g6
41.gxf3 Nd4xf3
42.Re1d1 Nf3g5
43.f4 Rf6xf4
44.Qf1e2 Qg6e6
45.Rd3d8 Qe6xh3
46.Qe2h2 Qh3g4
47.Qh2h6 Qg4f3
48.Kh2 Qf3f2
49.Kh1 Ng5e4
50.Rd8xf8 Rf4xf8
51.Ng3xe4 Qf2f3
52.Kh2 Qf3e2
53.Kh3 Rf8f3
54.Ne4g3 Qe2xd1
55.Kg2 e4
56.Qh6xb6 Qd1d2
57.Kh3 Qd2d7
58.Kg2 Qd7g7
59.Qb6d8 Rf3f8
60.Qd8d2 h6
61.Kh2 Rf8f3
62.Qd2d8 Kh7
63.Qd8h4 Qg7xb2
64.Kh1 Qb2c1
65.Kg2 Qc1xc4
66.Qh4xe4 Qc4xe4
67.Ng3xe4 Rf3f5
68.Kg3 Kg6
69.Ne4d6 Rf5d5
70.Nd6c4 h5
71.Kg2 Kg5
72.Nc4a5 Kg4
73.Na5c4 Rd5d4
74.Nc4e5 Kf5
75.Ne5f3 Rd4xa4
{ resign }
0-1

[Event "1/64 Finale"]
[Site "www.chess-mail.com"]
[Date "2019.10.21"]
[Round "1"]
[White "Osopanda"]
[Black "Wegaman"]
[WhiteElo "1510"]
[BlackElo "1890"]
[Result "0-1"]
[Round "1"]
1.e4 e6
2.d4 d5
3.Nb1d2 Nb8c6
4.c3 Bf8e7
5.e5 Bc8d7
6.Ng1e2 f6
7.f4 Ng8h6
8.Nd2f3 Nh6f7
9.g4 h6
10.Ne2g3 fxe5
11.dxe5 O-O
12.f5 exf5
13.Ng3xf5 Bd7xf5
14.gxf5 Nc6xe5
15.Nf3xe5 Nf7xe5
16.Bc1f4 Rf8xf5
17.Bf4xe5 Rf5xe5
18.Bf1e2 Be7h4
19.Kd2 Qd8g5
20.Kc2 Qg5f5
21.Be2d3 Qf5f2
22.Qd1d2 Qf2xd2
23.Kxd2 Ra8f8
24.Ra1f1 c5
25.Bd3g6 Rf8f6
26.Rf1xf6 Bh4xf6
27.h4 a6
28.h5 b5
29.Rh1h3 Kf8
30.a4 Ke7
31.axb5 axb5
32.b3 Kd6
33.Kd3 c4
34.bxc4 dxc4
35.Kd2 Re5g5
36.Rh3e3 Rg5g2
37.Re3e2 Rg2xe2
38.Kxe2 Bf6xc3
39.Bg6e8 b4
{ resign }
0-1

[Event "1/128 Finale"]
[Site "www.chess-mail.com"]
[Date "2019.10.21"]
[Round "1"]
[White "Nokia"]
[Black "Odin"]
[WhiteElo "1699"]
[BlackElo "1900"]
[Result "1-0"]
[Round "1"]
1.f4 d5
2.Ng1f3 Ng8f6
3.b3 g6
4.Bc1b2 Bf8g7
5.e3 Nb8d7
6.Bf1e2 O-O
7.O-O c5
8.a3 b6
9.Nb1c3 Bc8b7
10.a4 a6
11.Nc3a2 e6
12.Qd1e1 Rf8e8
13.h3 Nf6e4
14.Bb2xg7 Kxg7
15.Na2c3 Ne4xc3
16.dxc3 h6
17.c4 d4
18.exd4 Qd8c7
19.Nf3e5 cxd4
20.Ne5xd7 Qc7xd7
21.Be2d3 Qd7c6
22.Rf1f2 e5
23.fxe5 Re8e6
24.Qe1f1 Ra8f8
25.Ra1e1 Kg8
26.Rf2f6 Re6xf6
27.exf6 Qc6c5
28.Qf1f4 Qc5b4
29.Re1e7 g5
30.Qf4f5 { resign }
1-0

[Event "Tourn. n10223"]
[Site "www.echecsemail.com"]
[Date "2019.10.22"]
[Round "1"]
[White "Numanoid"]
[Black "Coolant"]
[WhiteElo "2790"]
[BlackElo "2360"]
[Result "1-0"]
[Round "1"]
1.e4 e5
2.Ng1f3 Nb8c6
3.d4 exd4
4.Bf1b5 a6
5.Bb5a4 Bf8b4
6.Bc1d2 Qd8e7
7.O-O Bb4c5
8.c3 Ng8f6
9.Bd2f4 dxc3
10.Nb1xc3 b5
11.e5 Nf6h5
12.Bf4g5 Qe7e6
13.Ba4b3 Qe6g6
14.Nc3d5 Bc5b6
15.Bb3c2 Qg6e6
16.Bg5e3 { resign }
1-0

[Event "Tourn. n10216"]
[Site "www.echecsemail.com"]
[Date "2019.10.22"]
[Round "1"]
[White "Luban"]
[Black "Francesco"]
[WhiteElo "2130"]
[BlackElo "2090"]
[Result "1-0"]
[Round "1"]
1.d4 Ng8f6
2.c4 g6
3.Ng1f3 Bf8g7
4.Nb1c3 O-O
5.e4 d6
6.h3 Nb8d7
7.Bf1e2 e5
8.d5 Nf6e8
9.O-O f5
10.Bc1g5 Bg7f6
11.Qd1d2 f4
12.Bg5xf6 Nd7xf6
13.b4 b6
14.c5 bxc5
15.bxc5 Ne8g7
16.c6 Ra8b8
17.Ra1b1 Rb8xb1
18.Rf1xb1 Qd8e7
19.Rb1b8 Nf6h5
20.Rb8a8 g5
21.Ra8xa7 g4
22.hxg4 Bc8xg4
23.Nc3b5 Ng7e8
24.a4 Nh5f6
25.Qd2d3 Kh8
26.a5 Qe7g7
27.a6 Rf8g8
28.Be2f1 Bg4h3
29.Nf3e1 Qg7g4
30.Nb5xc7 f3
31.Qd3xf3 Qg4xf3
32.Ne1xf3 Nf6xe4
33.Nc7xe8 { resign }
1-0

[Event "Tourn. n10220"]
[Site "www.echecsemail.com"]
[Date "2019.10.22"]
[Round "1"]
[White "Cirovicz"]
[Black "Esperanza"]
[WhiteElo "2080"]
[BlackElo "2070"]
[Result "0-1"]
[Round "1"]
1.e4 e5
2.Ng1f3 Nb8c6
3.Bf1b5 a6
4.Bb5xc6 dxc6
5.d4 exd4
6.Qd1xd4 Qd8xd4
7.Nf3xd4 Bf8c5
8.c3 Ng8f6
9.O-O O-O
10.e5 Nf6d5
11.Bc1f4 Nd5xf4
12.Nb1d2 Bc5xd4
13.cxd4 Nf4e2
14.Kh1 Ne2xd4
15.f4 Bc8f5
16.h3 h5
17.b3 Ra8d8
18.Nd2f3 Nd4xf3
19.Rf1xf3 Rd8d2
20.Rf3c3 Rf8d8
{ resign }
0-1

[Event "Tourn. n10150"]
[Site "www.echecsemail.com"]
[Date "2019.10.22"]
[Round "1"]
[White "Szustan"]
[Black "Gvladutz"]
[WhiteElo "2600"]
[BlackElo "2480"]
[Result "1-0"]
[Round "1"]
1.e4 e6
2.d4 d5
3.Nb1c3 Ng8f6
4.e5 Nf6d7
5.f4 c5
6.Ng1f3 Nb8c6
7.Bc1e3 a6
8.Qd1d2 b5
9.a3 Bc8b7
10.Bf1d3 Qd8b6
11.Qd2f2 cxd4
12.Nf3xd4 Bf8c5
13.Nc3e2 a5
14.c3 b4
15.O-O O-O
16.Qf2h4 h6
17.Rf1f3 Bb7a6
18.Bd3xa6 bxc3
19.bxc3 Qb6xa6
20.Rf3g3 Kh7
21.f5 Nc6xe5
22.Rg3xg7 Kxg7
23.Qh4xh6 Kg8
24.f6 Nd7xf6
25.Qh6xf6 Qa6d3
26.Qf6xe5 Rf8b8
27.Ra1f1 Qd3e4
28.Qe5g3 Qe4g6
29.Qg3c7 Rb8c8
30.Qc7f4 Ra8a6
31.Nd4f3 Bc5xe3
32.Qf4xe3 f6
33.Nf3d4 Kf7
34.Ne2g3 Kg8
35.Ng3f5 Kf7
36.Nf5h6 Ke8
37.Qe3e2 Ra6b6
38.Nh6g4 f5
39.Nd4xf5 Rc8b8
40.Ng4e5 Qg6h7
41.Nf5e3 Rb8b7
42.c4 Rb6b1
43.Ne3d1 Qh7g7
44.cxd5 exd5
45.Rf1e1 Kd8
46.Qe2a6 a4
47.Qa6d6 Kc8
48.Qd6xd5 Qg7f6
49.Qd5c4 Kd8
50.Qc4d3 Kc8
51.Qd3c2 Kd8
52.Ne5c6 Kd7
53.Nc6b4 Qf6b6
54.Kh1 Rb1xb4
55.axb4 Qb6xb4
56.Qc2h7 Kd8
57.Qh7h8 Kc7
58.Nd1c3 Qb4c4
59.Re1e7 Kb6
60.Qh8d8 Kc6
61.Qd8c8 Kd6
62.Qc8xc4 Rb7xe7
63.Qc4b4 Ke6
64.Nc3e4 Kf7
65.Qb4xa4 Re7c7
66.Kg1 Ke7
67.Qa4a3 Kf7
68.Qa3a5 Rc7c1
69.Kf2 { resign }
1-0

[Event "Tourn. n10207"]
[Site "www.echecsemail.com"]
[Date "2019.10.23"]
[Round "1"]
[White "Pipas"]
[Black "Bgm9"]
[WhiteElo "2069"]
[BlackElo "1960"]
[Result "0-1"]
[Round "1"]
1.e4 c5
2.d4 cxd4
3.Qd1xd4 Nb8c6
4.Qd4d1 d6
5.Ng1f3 Ng8f6
6.Nb1c3 Bc8g4
7.Bf1e2 e6
8.Be2b5 Bf8e7
9.Bb5xc6 bxc6
10.h3 Bg4xf3
11.Qd1xf3 e5
12.Qf3g3 Qd8d7
13.Qg3xg7 Rh8g8
14.Qg7h6 Rg8g6
15.Qh6e3 Rg6xg2
16.Bc1d2 Qd7b7
17.O-O-O O-O-O
18.h4 Rd8g8
19.h5 Kc7
20.b3 Nf6g4
21.Qe3f3 Ng4xf2
22.Qf3xf7 Rg8g7
23.Qf7c4 Nf2xh1
24.Rd1xh1 Rg2g1
25.Rh1xg1 Rg7xg1
26.Kb2 Kd7
27.Nc3e2 Rg1g4
28.Qc4d3 Rg4g8
29.a3 { time. }
0-1

[Event "Tourn. n10207"]
[Site "www.echecsemail.com"]
[Date "2019.10.23"]
[Round "1"]
[White "Estonia"]
[Black "Pipas"]
[WhiteElo "1950"]
[BlackElo "2069"]
[Result "1-0"]
[Round "1"]
1.c4 e5
2.Nb1c3 Ng8f6
3.Ng1f3 Nb8c6
4.d3 Bf8c5
5.Bc1g5 h6
6.Bg5xf6 Qd8xf6
7.Nc3e4 Qf6e7
8.e3 O-O
9.Bf1e2 Bc5b4
10.Ne4c3 Bb4xc3
11.bxc3 Qe7a3
12.Qd1b3 Qa3e7
13.O-O d6
14.d4 e4
15.Nf3d2 Bc8f5
16.Qb3xb7 Nc6a5
17.Qb7b5 Na5xc4
18.Be2xc4 Bf5g6
19.Qb5b2 c6
20.a4 d5
21.Bc4e2 a5
22.c4 c5
23.cxd5 cxd4
24.Qb2xd4 Rf8d8
25.Be2b5 Bg6f5
26.Rf1c1 Rd8d6
27.Nd2c4 Rd6g6
28.Nc4e5 Rg6g5
29.Ne5c6 Qe7c7
30.Nc6e5 Qc7d6
{ time. }
1-0

[Event "Tourn. n10221"]
[Site "www.echecsemail.com"]
[Date "2019.10.23"]
[Round "1"]
[White "Passaroa25"]
[Black "Fabos12"]
[WhiteElo "1710"]
[BlackElo "1650"]
[Result "1-0"]
[Round "1"]
1.Nb1c3 e5
2.Ng1f3 Nb8c6
3.e4 b6
4.Nc3d5 Bc8b7
5.c3 Ng8f6
6.d3 Ra8c8
7.Bf1e2 d6
8.O-O Nc6e7
{ time. }
1-0

[Event "Match"]
[Site "www.echecsemail.com"]
[Date "2019.10.23"]
[Round "1"]
[White "Dussek"]
[Black "Ditto"]
[WhiteElo "1940"]
[BlackElo "1870"]
[Result "1-0"]
[Round "1"]
1.d4 d5
2.c4 c6
3.Ng1f3 Bc8f5
4.Nb1c3 e6
5.Bc1f4 Nb8d7
6.e3 Bf8b4
7.Bf1d3 Qd8f6
8.O-O Bf5g4
9.Bf4g5 Bg4xf3
10.Bg5xf6 Bf3xd1
11.Bf6xg7 f6
12.Ra1xd1 O-O-O
13.Bg7xh8 Ng8h6
14.Bh8g7 Nh6f7
15.Bd3xh7 dxc4
16.Bh7g6 Nf7g5
17.Bg7h6 Rd8g8
18.Bg6c2 Bb4d6
19.f4 Ng5f7
20.Nc3e4 Bd6e7
21.Ne4c5 Nf7xh6
22.Nc5xe6 Nh6g4
23.Rf1f3 b5
24.Bc2e4 Rg8h8
25.h3 Ng4h6
26.Be4xc6 Nd7b6
27.d5 Be7d6
28.Bc6xb5 Nh6f5
29.e4 Nf5h4
30.Rf3g3 Kb7
31.Rg3g7 Kb8
32.a4 Bd6b4
33.d6 Bb4a5
34.d7 Nb6a8
35.Rg7f7 Rh8g8
36.Rf7f8 Rg8xf8
37.Ne6xf8 Ba5c7
38.d8Q Bc7xd8
39.Rd1xd8 Kb7
40.Rd8d7 Kb6
41.Rd7h7 f5
42.Rh7xh4 Na8c7
43.Bb5xc4 fxe4
44.Rh4h5 Nc7e8
45.a5 Kc7
46.Kf2 Ne8f6
47.Rh5f5 Nf6g8
48.Bc4xg8 { resign }
1-0

[Event "Tourn. n10207"]
[Site "www.echecsemail.com"]
[Date "2019.10.23"]
[Round "1"]
[White "Odin"]
[Black "Iko"]
[WhiteElo "1900"]
[BlackElo "1800"]
[Result "0-1"]
[Round "1"]
1.d4 d5
2.c4 dxc4
3.Qd1a4 c6
4.Qa4xc4 b5
5.Qc4c3 a5
6.Bc1f4 Bc8d7
7.Ng1f3 e5
8.Bf4xe5 Bf8b4
9.Qc3xb4 axb4
10.Be5xg7 Ng8f6
11.Bg7xh8 Ke7
12.Bh8g7 Qd8g8
13.Bg7xf6 Kxf6
14.e4 Qg8g4
15.e5 Ke7
16.h3 Qg4e4
17.Bf1e2 b3
18.a3 b4
19.Nb1d2 Qe4c2
20.O-O Qc2xb2
21.Rf1b1 Qb2c3
22.Rb1c1 b2
{ resign }
0-1

[Event "Tourn. n10221"]
[Site "www.echecsemail.com"]
[Date "2019.10.23"]
[Round "1"]
[White "Fabos12"]
[Black "Hansen"]
[WhiteElo "1650"]
[BlackElo "1730"]
[Result "0-1"]
[Round "1"]
1.d4 a6
2.Ng1f3 Nb8c6
3.g3 d5
4.Bf1g2 h6
5.c3 Nc6a5
6.a4 Na5c4
7.b3 Nc4b6
8.a5 Nb6d7
9.b4 e6
10.Qd1a4 b5
11.axb6 cxb6
12.Qa4c6 { time. }
0-1

[Event "Match"]
[Site "www.echecsemail.com"]
[Date "2019.10.23"]
[Round "1"]
[White "Calponas"]
[Black "Said13"]
[WhiteElo "2070"]
[BlackElo "1809"]
[Result "0-1"]
[Round "1"]
1.e4 c5
2.Ng1f3 Nb8c6
3.d4 cxd4
4.Nf3xd4 Nc6xd4
5.Qd1xd4 d6
6.Bf1c4 Ng8f6
7.Nb1c3 g6
8.Bc1g5 Bf8g7
9.h4 O-O
10.O-O-O Nf6g4
11.Qd4d2 Ng4e5
12.Bc4b3 Bc8e6
13.h5 Be6xb3
14.axb3 Qd8a5
15.Kb1 Rf8c8
16.hxg6 Ne5xg6
17.Nc3d5 Qa5xd2
18.Rd1xd2 f6
19.Bg5h6 Bg7xh6
20.Rh1xh6 Kg7
21.Rh6h1 Rc8h8
22.f3 h5
23.g3 Ra8f8
24.Rd2h2 f5
25.Rh2xh5 Rh8xh5
26.Rh1xh5 fxe4
27.fxe4 Rf8f1
28.Ka2 Rf1g1
29.Rh5g5 Kh6
30.Rg5xg6 Kxg6
31.Nd5xe7 Kf6
32.Ne7f5 Ke5
33.c4 Rg1e1
34.Nf5e7 Re1xe4
35.Ne7c8 a6
36.Nc8b6 Re4e3
37.g4 Re3g3
38.Nb6d7 Ke6
39.Nd7b6 Rg3xg4
40.Nb6d5 Rg4d4
41.Ka3 Rd4xd5
42.cxd5 Kxd5
43.Kb4 b6
44.Kc3 Kc5
45.b4 Kd5
46.b3 b5
47.Kd3 Ke5
48.Ke3 d5
49.Kd3 d4
{ resign }
0-1

[Event "Tourn. n10211"]
[Site "www.echecsemail.com"]
[Date "2019.10.23"]
[Round "1"]
[White "Passaroa25"]
[Black "Fabos12"]
[WhiteElo "1730"]
[BlackElo "1670"]
[Result "1-0"]
[Round "1"]
1.Nb1c3 e5
2.e4 Nb8c6
3.Ng1f3 f6
4.d3 Bf8b4
5.Bf1e2 Ng8e7
6.a3 Bb4a5
7.O-O d5
8.Nc3xd5 Ne7xd5
9.exd5 Qd8xd5
10.Bc1d2 Ba5b6
11.Bd2e3 Nc6d4
12.Be3xd4 exd4
13.c4 Qd5d6
14.Qd1a4 Bc8d7
15.Qa4b3  { time }
1-0

[Event "Tourn. n10201"]
[Site "www.echecsemail.com"]
[Date "2019.10.23"]
[Round "1"]
[White "Nevaeh"]
[Black "Tonino1"]
[WhiteElo "2840"]
[BlackElo "2210"]
[Result "0-1"]
[Round "1"]
1.e4 d6
2.d4 Ng8f6
3.Nb1c3 c6
4.f4 Qd8a5
5.Bf1d3 d5
6.e5 Nf6e4
7.Bd3xe4 dxe4
8.Ng1e2 e6
9.O-O c5
10.d5 exd5
11.Qd1xd5 Nb8c6
12.f5 Bc8d7
 { time }
0-1

[Event "Match"]
[Site "www.echecsemail.com"]
[Date "2019.10.23"]
[Round "1"]
[White "Fereike"]
[Black "Picifarkinca"]
[WhiteElo "1590"]
[BlackElo "1610"]
[Result "1/2-1/2"]
[Round "1"]
1.e4 e5
2.Ng1f3 Nb8c6
3.Bf1b5 a6
4.Bb5xc6 dxc6
5.O-O Bf8d6
6.d3 Bc8g4
7.Bc1e3 c5
8.Nb1d2 Qd8d7
9.Nd2c4 b5
10.Nc4xd6 cxd6
11.c3 Ng8f6
12.Be3g5 Qd7e6
13.h3 Bg4h5
14.Bg5xf6 Qe6xf6
15.g4 Bh5g6
16.Kg2 h6
17.Nf3d2 Qf6f4
18.Nd2f3 Bg6h7
19.Qd1d2 Qf4xd2
20.Nf3xd2 g5
{ draw }
1/2-1/2

[Event "Tourn. n10216"]
[Site "www.echecsemail.com"]
[Date "2019.10.23"]
[Round "1"]
[White "Francesco"]
[Black "Fantomas"]
[WhiteElo "2120"]
[BlackElo "2130"]
[Result "1/2-1/2"]
[Round "1"]
1.e4 e5
2.Ng1f3 Nb8c6
3.Bf1b5 a6
4.Bb5a4 Bf8c5
5.O-O Ng8e7
6.c3 d5
7.exd5 Qd8xd5
8.Ba4b3 Qd5d6
9.Rf1e1 O-O
10.Nf3g5 h6
11.Ng5e4 Bc5xf2
12.Ne4xf2 Ne7g6
13.Nf2e4 Qd6e7
14.d3 Bc8e6
15.Bb3xe6 Qe7xe6
16.Ne4c5 Qe6c8
17.Nb1d2 b6
18.Nc5e4 Ng6f4
19.Nd2f3 Nf4e6
20.Bc1e3 Rf8d8
21.Qd1d2 f5
22.Ne4f6 Kf7
23.Nf3xe5 Nc6xe5
24.Be3xh6 gxf6
25.d4 Ne5g4
26.Re1e2 Qc8d7
27.Ra1e1 Rd8e8
28.h3 Ng4xh6
29.Qd2xh6 Ne6g7
30.Re2xe8 Ra8xe8
31.Re1xe8 Qd7xe8
32.Qh6f4 Qe8e1
33.Kh2 Qe1e7
34.h4 Qe7d6
35.Qf4xd6 cxd6
36.Kg3 Ng7h5
{ draw }
1/2-1/2

[Event "1/32 Finale"]
[Site "www.chess-mail.com"]
[Date "2019.10.23"]
[Round "1"]
[White "Hennie4820"]
[Black "Gandalf50"]
[WhiteElo "2110"]
[BlackElo "2420"]
[Result "0-1"]
[Round "1"]
1.e4 c5
2.Ng1f3 d6
3.d4 cxd4
4.Nf3xd4 Ng8f6
5.Nb1c3 a6
6.Bf1e2 e5
7.Nd4b3 Bc8e6
8.Bc1e3 Bf8e7
9.f3 O-O
10.Qd1d2 Nb8d7
11.O-O-O b5
12.a3 Nd7b6
13.g4 Nb6c4
14.Be2xc4 bxc4
15.Nb3a1 Qd8c7
16.Nc3e2 Ra8b8
17.c3 Qc7b7
18.h4 d5
19.g5 Be7xa3
{ resign }
0-1

[Event "Eq:Tigers of Istanbul-Night and bishop : "]
[Site "www.chess-mail.com"]
[Date "2019.10.23"]
[Round "1"]
[White "Bgm9"]
[Black "Apdash"]
[WhiteElo "1990"]
[BlackElo "2230"]
[Result "1/2-1/2"]
[Round "1"]
1.d4 d5
2.c4 c6
3.Nb1c3 e6
4.Ng1f3 Bf8b4
5.e3 Ng8f6
6.a3 Bb4xc3
7.bxc3 O-O
8.Bf1e2 Nb8d7
9.O-O Nf6e4
10.Bc1b2 dxc4
11.Be2xc4 Nd7f6
12.Qd1c2 b5
13.Bc4d3 Ne4d6
14.Nf3e5 Bc8b7
15.Ra1c1 h6
16.h3 a6
17.c4 Nf6d7
18.f4 Nd7xe5
19.fxe5 Nd6xc4
20.Bd3xc4 bxc4
21.Qc2xc4 a5
22.Rf1f2 Ra8c8
23.Qc4e2 Qd8b6
24.Qe2g4 c5
25.dxc5 Rc8xc5
26.Rc1xc5 Qb6xc5
27.Qg4d4 Qc5c6
28.Qd4d6 Qc6e4
29.Bb2d4 Bb7d5
30.Bd4c5 Rf8c8
31.Qd6e7 Qe4xe5
32.Qe7xf7 Kh7
33.Bc5d4 Qe5g5
34.h4 Qg5g6
35.h5 Qg6g4
36.Bd4b2 Qg4g3
37.e4 Bd5xe4
38.Qf7xe6 Be4b7
39.Qe6f5 Kh8
40.Qf5xa5 Rc8e8
41.Qa5c3 Re8e3
42.Qc3b4 Bb7xg2
43.Qb4f8 Kh7
44.Qf8f5 Kg8
45.Qf5c8 Kh7
46.Qc8f5 Kh8
47.Qf5c8 Kh7
48.Qc8f5 Kg8
49.Qf5c8 Kh7
{ draw }
1/2-1/2